[Event "Baku Open 2023"]
[Site "Baku AZE"]
[Date "2023.05.08"]
[Round "5.36"]
[White "Allahverdiyeva, Ayan"]
[Black "Shahaliyev, Ismayil"]
[Result "1-0"]
[WhiteTitle "WFM"]
[BlackTitle "IM"]
[WhiteElo "2055"]
[BlackElo "2400"]
[WhiteFideId "13412590"]
[BlackFideId "13406388"]
[EventDate "2023.05.04"]

1. e4 c5 2. Nf3 e6 3. d4 cxd4 4. Nxd4 Nc6 5. Nc3 Qc7 6. Be3 Nf6 7. Qf3 a6 8.
O-O-O Ne5 9. Qg3 b5 10. f4 Neg4 11. Bg1 b4 12. Na4 h5 13. e5 Nd5 14. h3 Nh6 15.
Bd3 Bb7 16. f5 h4 17. Qe1 Be7 18. Be4 Rc8 19. g4 Bg5+ 20. Kb1 Qa5 21. Nb6 Qxb6
22. Nxe6 Qb5 23. Rxd5 Bxd5 24. Nxg5 O-O 25. Bh2 Qa5 26. Bxd5 Qxd5 27. f6 Rc4 28.
b3 Rd4 29. Rf1 Rc8 30. Nf3 Re4 31. Qf2 Rc3 32. Nd2 Rd4 33. Bf4 Rxh3 34. Rg1 g5
35. Bxg5 Nxg4 36. Be3 Rg3 37. Qf5 Rxg1+ 38. Bxg1 Nxe5 39. Qg5+ Ng6 40. Qh6 1-0

[Event "Baku Open 2023"]
[Site "Baku AZE"]
[Date "2023.05.08"]
[Round "5.37"]
[White "Padmini, Rout"]
[Black "Orujov, Farid"]
[Result "1/2-1/2"]
[WhiteTitle "IM"]
[BlackTitle "FM"]
[WhiteElo "2388"]
[BlackElo "2225"]
[WhiteFideId "5029295"]
[BlackFideId "13423533"]
[EventDate "2023.05.04"]

1. d4 Nf6 2. Nf3 e6 3. Bf4 d5 4. e3 Bd6 5. Nbd2 O-O 6. Bd3 c5 7. c3 Nc6 8. Bg3
b6 9. e4 dxe4 10. Nxe4 Nxe4 11. Bxe4 Bb7 12. Qa4 Rc8 13. Rd1 Bxg3 14. hxg3 f5
15. dxc5 Qe7 16. Bc2 bxc5 17. Qh4 Qxh4 18. Rxh4 h6 19. Bb3 Rfe8 20. Rd7 Ba8 21.
Ra4 Kf8 22. g4 Re7 23. Rd6 g6 24. Kf1 Rd8 25. Rxd8+ Nxd8 26. Ne5 Kg7 27. Ra5 Rc7
28. gxf5 gxf5 29. c4 Be4 30. f3 Bb1 31. Ke2 Nf7 32. Nxf7 Kxf7 33. Kd2 f4 34. Bc2
Bxc2 35. Kxc2 Kf6 36. Kd3 Rd7+ 37. Kc3 Rg7 38. Rxc5 Rxg2 39. Rh5 Kg6 40. Ra5 Rf2
41. Rxa7 Rxf3+ 42. Kd4 Re3 43. c5 e5+ 44. Kd5 f3 45. Ra8 f2 46. Rf8 Re2 47. c6
Rxb2 48. c7 Rc2 49. Kd6 Rd2+ 50. Ke6 Rc2 51. Kd7 Rd2+ 52. Ke7 Rc2 53. Kd6 Rd2+
54. Kxe5 Rc2 55. Rf6+ Kg7 56. Rxf2 Rxc7 57. a4 Ra7 58. Ra2 Ra5+ 59. Kd6 Kg6 60.
Kc6 Kg5 61. Kb6 Ra8 62. a5 h5 63. Kb7 Rh8 64. a6 Rh7+ 65. Kb6 Rh6+ 66. Kb5 Rh8
67. a7 Ra8 68. Kb6 h4 69. Kb7 Rxa7+ 70. Rxa7 Kf4 71. Kc6 h3 72. Ra3 Kg4 73. Kd5
h2 74. Ra1 Kg3 75. Ke4 Kg2 76. Ra2+ Kg1 77. Rxh2 Kxh2 1/2-1/2

[Event "Baku Open 2023"]
[Site "Baku AZE"]
[Date "2023.05.08"]
[Round "5.38"]
[White "Ismayil, Malak"]
[Black "Beydullayeva, Govhar"]
[Result "1-0"]
[WhiteTitle "WFM"]
[BlackTitle "WGM"]
[WhiteElo "2115"]
[BlackElo "2375"]
[WhiteFideId "13412604"]
[BlackFideId "13413015"]
[EventDate "2023.05.04"]

1. e4 c5 2. Nf3 d6 3. Bb5+ Nd7 4. d4 cxd4 5. Qxd4 Nf6 6. O-O a6 7. Be2 e5 8. Qe3
Nc5 9. Nfd2 Ne6 10. c4 Nd4 11. Qd3 b5 12. Nc3 Bd7 13. Nb3 bxc4 14. Qxc4 Be6 15.
Qa4+ Bd7 16. Qc4 Nxe2+ 17. Qxe2 h6 18. Rd1 Be7 19. Nd2 Qc7 20. Nc4 Bc6 21. f3
O-O 22. Be3 Rab8 23. Rac1 Rfc8 24. b3 Rd8 25. Qf2 d5 26. Bb6 Rxb6 27. Nxb6 Ba3
28. Ncxd5 Bxc1 29. Rxc1 1-0

[Event "Baku Open 2023"]
[Site "Baku AZE"]
[Date "2023.05.08"]
[Round "5.39"]
[White "Hulka, Valentyn"]
[Black "Babazada, Khazar"]
[Result "0-1"]
[WhiteTitle "CM"]
[BlackTitle "IM"]
[WhiteElo "2258"]
[BlackElo "2474"]
[WhiteFideId "34107061"]
[BlackFideId "13413554"]
[EventDate "2023.05.04"]

1. e4 e5 2. Nf3 Nc6 3. Bb5 f5 4. d3 fxe4 5. dxe4 Nf6 6. O-O Bc5 7. Nc3 d6 8. Bg5
O-O 9. Nd5 Kh8 10. c3 Be6 11. b4 Bb6 12. Bc4 Bxd5 13. Bxd5 Qd7 14. Nd2 a6 15.
Nc4 Ba7 16. Be3 Nd8 17. Bxa7 Rxa7 18. Nd2 a5 19. Bc4 axb4 20. cxb4 b5 21. Bd5
Nc6 22. Bxc6 Qxc6 23. Qe2 Rfa8 24. Rfc1 Qb6 25. Nb3 Ra4 26. Qc2 Rxb4 27. a3 Rxe4
28. Qd3 Rf4 29. Rc2 Ng4 30. Qd5 Rxf2 31. Rxf2 Qxf2+ 32. Kh1 Rf8 0-1

[Event "Baku Open 2023"]
[Site "Baku AZE"]
[Date "2023.05.08"]
[Round "5.40"]
[White "Dixit, Nikhil"]
[Black "Dushyant, Sharma"]
[Result "1/2-1/2"]
[WhiteTitle "FM"]
[BlackTitle "IM"]
[WhiteElo "2257"]
[BlackElo "2355"]
[WhiteFideId "5059534"]
[BlackFideId "25065130"]
[EventDate "2023.05.04"]

1. e4 c5 2. Nf3 d6 3. d4 cxd4 4. Nxd4 Nf6 5. Nc3 a6 6. Bg5 Nbd7 7. Qe2 h6 8. Bh4
g6 9. f4 e5 10. fxe5 dxe5 11. O-O-O Qc7 12. Nb3 b5 13. Rxd7 Nxd7 14. Nd5 Qb8 15.
Bf6 Nxf6 16. Nxf6+ Ke7 17. Nd5+ Ke8 18. Nf6+ Ke7 19. Nd5+ Ke8 20. Nf6+ Ke7 1/2-1/2

[Event "Baku Open 2023"]
[Site "Baku AZE"]
[Date "2023.05.08"]
[Round "5.41"]
[White "Mammadova, Gulnar"]
[Black "Fishchuk, Vladyslav"]
[Result "1-0"]
[WhiteTitle "IM"]
[BlackTitle "FM"]
[WhiteElo "2349"]
[BlackElo "2252"]
[WhiteFideId "13403508"]
[BlackFideId "34122117"]
[EventDate "2023.05.04"]

1. e4 c5 2. Nf3 Nc6 3. Bb5 g6 4. Bxc6 bxc6 5. d4 Bg7 6. dxc5 Qa5+ 7. Nbd2 Qxc5
8. O-O Nf6 9. Nb3 Qb6 10. e5 Ng4 11. Qe2 Ba6 12. c4 Qb4 13. Nbd2 O-O 14. a3 Qb8
15. Re1 d6 16. e6 f5 17. Rb1 Bc8 18. b4 a5 19. h3 axb4 20. hxg4 fxg4 21. Ng5 Qa7
22. Rb3 Rf5 23. Nde4 d5 24. Ng3 Re5 25. Qd1 h6 26. Rxe5 Bxe5 27. Nf7 dxc4 28.
Nxe5 cxb3 29. Qxg4 1-0

[Event "Baku Open 2023"]
[Site "Baku AZE"]
[Date "2023.05.08"]
[Round "5.42"]
[White "Klek, Hanna Marie"]
[Black "Abdulla, Khayala"]
[Result "0-1"]
[WhiteTitle "WGM"]
[BlackTitle "WGM"]
[WhiteElo "2324"]
[BlackElo "2213"]
[WhiteFideId "24670057"]
[BlackFideId "13401807"]
[EventDate "2023.05.04"]

1. e4 c5 2. Nf3 e6 3. d4 cxd4 4. Nxd4 Nc6 5. Nc3 Qc7 6. Be3 a6 7. g4 b5 8. Nxc6
Qxc6 9. Qd2 Nf6 10. f3 Bb4 11. g5 Nh5 12. Qd4 Ba5 13. O-O-O Bb7 14. Bh3 b4 15.
Ne2 Rc8 16. Qd3 g6 17. Bg4 Ng7 18. Nd4 Qc7 19. Nb3 d5 20. Bc5 Bb6 21. Bxb4 Be3+
22. Kb1 Bxg5 23. exd5 Bxd5 24. Qd4 f5 25. c4 Bxc4 26. Bd6 Qf7 27. Nc5 Bb5 28.
Nxe6 Qxe6 29. Rhe1 Be2 30. Qxg7 Bf6 31. Qb7 Rd8 32. Bh3 Rxd6 33. Rxd6 Bd3+ 34.
Rxd3 Qxe1+ 35. Kc2 O-O 36. Rd2 Rf7 37. Qb8+ Kg7 38. Bg2 Be5 39. Qe8 Rc7+ 40. Kd3
f4 0-1

[Event "Baku Open 2023"]
[Site "Baku AZE"]
[Date "2023.05.08"]
[Round "5.43"]
[White "Valiyev, Shahin"]
[Black "Ahmad, Khagan"]
[Result "1/2-1/2"]
[BlackTitle "FM"]
[WhiteElo "2252"]
[BlackElo "2321"]
[WhiteFideId "13424203"]
[BlackFideId "13431552"]
[EventDate "2023.05.04"]

1. e4 e6 2. d4 d5 3. Nd2 c5 4. Ngf3 cxd4 5. Nxd4 Nf6 6. exd5 Nxd5 7. N2f3 Bb4+
8. Bd2 O-O 9. Bc4 Bc5 10. c3 b6 11. Qe2 Bb7 12. Rd1 Nc6 13. Nb3 Bd6 14. O-O Qc7
15. Bxd5 exd5 16. Rfe1 a5 17. h3 Ba6 18. Qe3 Bc4 19. Nbd4 Bc5 20. a3 a4 21. Qg5
Bxd4 22. Nxd4 Nxd4 23. cxd4 Rfe8 24. Rc1 Qc6 25. Bb4 b5 26. Rxe8+ Rxe8 27. Re1
h6 28. Rxe8+ Qxe8 29. Qe7 Qc8 30. Qe5 Bb3 31. Bc3 Qc6 32. Kh2 Bc2 33. Qe3 Kh7
34. Qf4 Bg6 35. Qe3 Qc4 36. Kg1 Qb3 37. Qd2 Be4 38. f3 Bg6 39. Qe2 Bc2 40. Qd2
Bf5 41. Qe2 Bd7 42. Kh2 Qa2 43. Qf1 Kg8 44. Kg1 b4 45. axb4 Qb3 46. Qc1 Bb5 47.
Qd2 Qa2 48. Qc1 Qc4 49. Qe3 Qf1+ 50. Kh2 Qc4 51. Kg1 Kh7 52. Qd2 1/2-1/2

[Event "Baku Open 2023"]
[Site "Baku AZE"]
[Date "2023.05.08"]
[Round "5.44"]
[White "Mamedjarova, Turkan"]
[Black "Toncheva, Nadya"]
[Result "1/2-1/2"]
[WhiteTitle "WGM"]
[BlackTitle "FM"]
[WhiteElo "2222"]
[BlackElo "2295"]
[WhiteFideId "13402005"]
[BlackFideId "2924056"]
[EventDate "2023.05.04"]

1. d4 d5 2. c4 dxc4 3. e3 Nf6 4. Bxc4 e6 5. Nf3 c5 6. O-O a6 7. a4 Nc6 8. Nc3
Qc7 9. Qe2 Bd6 10. h3 O-O 11. dxc5 Bxc5 12. e4 Nd7 13. Be3 b6 14. Rac1 Bb7 15.
Rfd1 Bxe3 16. Qxe3 Nc5 17. Nd4 Rfd8 18. Nxc6 Rxd1+ 19. Rxd1 Qxc6 20. Be2 h6 21.
Rd4 Rc8 22. Rc4 a5 23. Nb5 Rd8 24. f3 Ba6 25. Rd4 Rxd4 26. Qxd4 Qd7 27. Qxd7
Nxd7 28. Kf2 e5 29. Nc3 Bb7 30. b3 Kf8 31. Ke3 Ke7 32. Kd2 Nc5 33. Bc4 Bc6 34.
Nd1 Nb7 35. Ne3 Nd6 36. Kc3 h5 37. h4 g6 38. Bd5 Bd7 39. Bc4 Bc6 40. Bd5 Bd7 1/2-1/2

[Event "Baku Open 2023"]
[Site "Baku AZE"]
[Date "2023.05.08"]
[Round "5.45"]
[White "Heinemann, Josefine"]
[Black "Srija, Seshadri"]
[Result "0-1"]
[WhiteTitle "WGM"]
[BlackTitle "WGM"]
[WhiteElo "2274"]
[BlackElo "2199"]
[WhiteFideId "12900460"]
[BlackFideId "5055903"]
[EventDate "2023.05.04"]

1. e4 e5 2. Nf3 Nc6 3. Bb5 a6 4. Ba4 Nf6 5. O-O Nxe4 6. d4 b5 7. Bb3 d5 8. dxe5
Be6 9. c3 Be7 10. Be3 O-O 11. Nbd2 Nxd2 12. Qxd2 Qd7 13. h3 Na5 14. Bc2 Nc4 15.
Qd3 g6 16. Bc1 f6 17. exf6 Bxf6 18. Nd4 Bf7 19. b4 a5 20. Bh6 Rfe8 21. a3 c6 22.
Bb3 Qd6 23. Qf3 Re4 24. Bxc4 bxc4 25. Rad1 axb4 26. axb4 Rae8 27. Be3 Bg7 28.
Ra1 Be6 29. Ra6 Rf8 30. Qd1 Bxh3 31. Re1 Rg4 32. f4 Rxg2+ 33. Kh1 Qf6 34. Nf3
Qf5 35. Rxc6 Qh5 36. Rd6 Rg3 37. Qxd5+ Qxd5 38. Rxd5 Rxf3 39. Bc5 Ra8 0-1

[Event "Baku Open 2023"]
[Site "Baku AZE"]
[Date "2023.05.08"]
[Round "5.46"]
[White "Kazimova, Narmin"]
[Black "Eynullayev, Atilla"]
[Result "1/2-1/2"]
[WhiteTitle "WGM"]
[BlackTitle "FM"]
[WhiteElo "2174"]
[BlackElo "2281"]
[WhiteFideId "13402951"]
[BlackFideId "13413570"]
[EventDate "2023.05.04"]

1. c4 e5 2. Nc3 Bb4 3. Nf3 Bxc3 4. dxc3 d6 5. g3 Nc6 6. Bg2 Nge7 7. O-O O-O 8.
b4 Be6 9. c5 f6 10. cxd6 cxd6 11. a4 Qd7 12. Ba3 Rad8 13. Qc2 d5 14. Rfd1 Qc7
15. Rac1 Rfe8 16. Nd2 Nc8 17. e4 Qf7 18. b5 N6e7 19. exd5 Bxd5 20. Bxd5 Nxd5 21.
c4 Nc7 22. Nb3 Ne6 23. Rxd8 Rxd8 24. Rd1 Re8 25. Qd3 Qh5 26. f3 f5 27. Nc5 Nd4
28. Kg2 b6 29. Nb3 Rd8 30. Nxd4 Rxd4 31. Qe2 Rxd1 32. Qxd1 Qe8 33. Qd5+ Kh8 34.
Bb2 e4 35. fxe4 fxe4 36. Qb7 Ne7 37. Qxe4 Qf7 38. Qf3 Qg6 39. Qe2 Nf5 40. Qe5 h5
41. Qf4 Nh6 42. h3 Qc2+ 43. Qf2 Qe4+ 44. Qf3 Qc2+ 45. Qf2 Qe4+ 46. Qf3 1/2-1/2

[Event "Baku Open 2023"]
[Site "Baku AZE"]
[Date "2023.05.09"]
[Round "6.1"]
[White "Sanikidze, Tornike"]
[Black "Mendonca, Leon Luke"]
[Result "1/2-1/2"]
[WhiteTitle "GM"]
[BlackTitle "GM"]
[WhiteElo "2475"]
[BlackElo "2596"]
[WhiteFideId "13602608"]
[BlackFideId "35028561"]
[EventDate "2023.05.04"]

1. e4 c5 2. Nf3 d6 3. Bb5+ Nd7 4. d4 cxd4 5. Qxd4 a6 6. Bxd7+ Bxd7 7. Nc3 e5 8.
Qd3 Rc8 9. Bg5 Qc7 10. Nd2 h6 11. Bh4 Be6 12. Nf1 Be7 13. Bxe7 Nxe7 14. O-O-O d5
15. exd5 Nxd5 16. Nxd5 Bxd5 17. Ne3 Be6 18. Qd6 Bxa2 19. Rhe1 Be6 20. Qxc7 Rxc7
21. Nd5 Bxd5 22. Rxd5 f6 23. f4 Kf7 24. fxe5 Re8 25. Rf1 Ke6 26. Rfd1 fxe5 27.
Rxe5+ Kxe5 28. Re1+ Kf4 29. Rxe8 Rd7 30. Re6 h5 31. c4 h4 32. Kc2 g5 33. b4 g4
34. c5 Rd4 35. Kc3 Re4 36. Rh6 Re2 37. Rxh4 Rxg2 38. Rh7 Ke5 39. Kb3 Kd5 40.
Rxb7 Rxh2 41. Rg7 Rh1 42. Rxg4 a5 43. Rg5+ Kc6 44. Rg6+ Kc7 45. b5 Rb1+ 46. Kc4
Rb4+ 47. Kd5 Rxb5 48. Rg7+ Kb8 49. Kd6 Rb1 50. Rg8+ Ka7 51. c6 Rd1+ 52. Kc7 Rh1
53. Kd8 Kb6 54. c7 Rd1+ 55. Kc8 Rc1 56. Rg6+ Kb5 57. Kb7 Rxc7+ 58. Kxc7 a4 59.
Kd6 a3 60. Kd5 a2 61. Rg1 Kb4 62. Kd4 Kb3 63. Ra1 Kb2 64. Rxa2+ Kxa2 65. Ke4 1/2-1/2

[Event "Baku Open 2023"]
[Site "Baku AZE"]
[Date "2023.05.09"]
[Round "6.2"]
[White "Mamedov, Rauf"]
[Black "Suleymanli, Aydin"]
[Result "1/2-1/2"]
[WhiteTitle "GM"]
[BlackTitle "GM"]
[WhiteElo "2646"]
[BlackElo "2560"]
[WhiteFideId "13401653"]
[BlackFideId "13413937"]
[EventDate "2023.05.04"]

1. e4 e5 2. Nf3 Nc6 3. Bc4 Nf6 4. d3 Bc5 5. Nc3 h6 6. Be3 Bb4 7. Nd2 O-O 8. Nd5
Nxd5 9. Bxd5 Bxd2+ 10. Qxd2 d6 11. O-O Be6 12. Bxc6 bxc6 13. f4 exf4 14. Rxf4 f5
15. exf5 Rxf5 16. Rxf5 Bxf5 17. Rf1 Qd7 18. Qf2 Bg6 19. Qg3 Kh7 20. h3 Qe7 21.
b3 Re8 22. Bd2 Qe2 23. Qf2 c5 24. Qxe2 Rxe2 25. Rf2 Rxf2 26. Kxf2 Kg8 27. Ba5
Kf7 28. Bxc7 Ke6 29. Ba5 Be8 30. Bc3 g6 31. Bg7 h5 32. Bf8 Bc6 33. h4 Kd7 34. g3
Bd5 35. Ke3 Be6 36. a3 Bf5 37. Kd2 Kc6 38. Kc3 Bg4 39. Bh6 Bd1 40. Be3 a6 41.
Bf4 d5 42. Kd2 Bg4 43. b4 cxb4 44. axb4 d4 45. Kc1 Kd5 46. Kb2 Bd1 47. Bh6 Be2
48. Bg7 Bd1 49. Kb3 Bg4 50. Ka4 Bd1 51. Kb3 Bg4 52. Ka4 Bd1 53. Kb3 1/2-1/2

[Event "Baku Open 2023"]
[Site "Baku AZE"]
[Date "2023.05.09"]
[Round "6.3"]
[White "Muradli, Mahammad"]
[Black "Abasov, Nijat"]
[Result "1/2-1/2"]
[WhiteTitle "GM"]
[BlackTitle "GM"]
[WhiteElo "2531"]
[BlackElo "2634"]
[WhiteFideId "13409301"]
[BlackFideId "13402960"]
[EventDate "2023.05.04"]

1. d4 Nf6 2. c4 e6 3. Nf3 d5 4. Nc3 Bb4 5. Bg5 h6 6. Bxf6 Qxf6 7. e3 O-O 8. Rc1
Nc6 9. Qb3 dxc4 10. Bxc4 Bd6 11. Bb5 Bd7 12. O-O Rfd8 13. Ne4 Qe7 14. Nc5 Na5
15. Qa4 Bxc5 16. Rxc5 b6 17. Rc3 c6 18. Be2 Be8 19. Qc2 Nb7 20. Ba6 Rab8 21. Ne5
c5 22. Bxb7 Rxb7 23. dxc5 bxc5 24. b3 Rd5 25. Nd3 Rxd3 26. Rxd3 Bb5 27. Rfd1
Bxd3 28. Qxd3 a5 29. g3 Rb4 30. Qc2 g6 31. a3 Rb8 32. Rc1 c4 33. bxc4 Qxa3 34.
c5 Qb2 35. Qd1 a4 36. c6 a3 37. c7 Rc8 38. Rb1 Rxc7 39. Rxb2 1/2-1/2

[Event "Baku Open 2023"]
[Site "Baku AZE"]
[Date "2023.05.09"]
[Round "6.4"]
[White "Safarli, Eltaj"]
[Black "Aditya, Mittal"]
[Result "1/2-1/2"]
[WhiteTitle "GM"]
[BlackTitle "GM"]
[WhiteElo "2601"]
[BlackElo "2505"]
[WhiteFideId "13402129"]
[BlackFideId "35042025"]
[EventDate "2023.05.04"]

1. d4 Nf6 2. Bg5 d5 3. Bxf6 gxf6 4. e3 c5 5. dxc5 e6 6. c4 dxc4 7. Nd2 Bxc5 8.
Bxc4 Nc6 9. Qh5 f5 10. Ngf3 Qf6 11. O-O Qg6 12. Qh4 Qg4 13. Qf6 O-O 14. Bb5 Be7
15. Qh6 Qg7 16. Qf4 e5 17. Qg3 e4 18. Bxc6 bxc6 19. Nd4 c5 20. Nb5 Qxg3 21. hxg3
Rb8 22. Nxa7 Bd7 23. a4 Rxb2 24. Nc4 Rb4 25. Ne5 Bxa4 26. Nac6 Bxc6 27. Nxc6 Rb7
28. Rfc1 Rc8 29. Nd4 Bf6 30. Ra5 Bxd4 31. exd4 c4 32. Rxf5 Rd7 33. Rc5 Rcd8 34.
R1xc4 Rxd4 35. Rg5+ Kf8 36. Rxd4 Rxd4 37. Kf1 e3 38. fxe3 Rd2 39. Rf5 Kg7 40.
Rf2 Rd6 41. Ke2 Rg6 42. Rf3 Rg4 43. Kf2 Ra4 44. Rf4 Ra2+ 45. Kf3 Rb2 46. Rg4+
Kf6 47. Rg8 Ra2 48. g4 h6 49. g3 Ra4 50. Rd8 Ra1 51. Rd6+ Kg5 52. Rd5+ Kg6 53.
e4 Rf1+ 54. Ke2 Rg1 55. Kf2 Ra1 1/2-1/2

[Event "Baku Open 2023"]
[Site "Baku AZE"]
[Date "2023.05.09"]
[Round "6.5"]
[White "Pantsulaia, Levan"]
[Black "Prraneeth, Vuppala"]
[Result "0-1"]
[WhiteTitle "GM"]
[BlackTitle "IM"]
[WhiteElo "2597"]
[BlackElo "2437"]
[WhiteFideId "13602071"]
[BlackFideId "46622373"]
[EventDate "2023.05.04"]

1. Nf3 d5 2. c4 e6 3. b3 Nf6 4. g3 d4 5. Bg2 c5 6. e3 Nc6 7. exd4 cxd4 8. O-O
Bd6 9. d3 O-O 10. Ba3 e5 11. Re1 Re8 12. Bxd6 Qxd6 13. a3 a5 14. Nbd2 h6 15. Nh4
Bd7 16. Qc1 b6 17. Ra2 Rac8 18. Ne4 Nxe4 19. Bxe4 Nd8 20. Qd2 Ne6 21. b4 Ng5 22.
Bg2 Bc6 23. bxa5 Bxg2 24. Kxg2 e4 25. Qf4 Qc6 26. dxe4 Nxe4 27. Qf3 d3 28. axb6
Qxc4 29. Rb2 d2 30. Rd1 Ng5 31. Qb3 Qc6+ 32. Nf3 Ne4 33. a4 Qb7 34. Rbxd2 Nxd2
35. Rxd2 Rc5 36. Rd6 Rec8 37. Qd3 Ra5 38. Qd4 Rf5 39. Qg4 Rcc5 40. Rd4 Qxb6 41.
Qe4 Qf6 42. Rb4 Rc8 43. h4 Rfc5 44. Qb7 Qc6 45. Qxc6 R5xc6 46. Ne5 Rc5 47. Nd7
Ra5 48. Re4 Rd8 49. Rd4 Kh8 50. Rd3 Rxa4 51. Nc5 Rxd3 52. Nxd3 g6 53. Kf3 Kg7
54. Nc5 Rc4 55. Ne4 f5 56. Nd2 Rc3+ 57. Ke2 Kf6 58. Nb1 Rc2+ 59. Nd2 Ra2 60. Kd3
f4 61. g4 Ke6 62. f3 Kd5 63. Nc4 Ra6 64. h5 gxh5 65. gxh5 Re6 0-1

[Event "Baku Open 2023"]
[Site "Baku AZE"]
[Date "2023.05.09"]
[Round "6.6"]
[White "Niemann, Hans Moke"]
[Black "Gokerkan, Cem Kaan"]
[Result "1/2-1/2"]
[WhiteTitle "GM"]
[BlackTitle "IM"]
[WhiteElo "2706"]
[BlackElo "2489"]
[WhiteFideId "2093596"]
[BlackFideId "6336760"]
[EventDate "2023.05.04"]

1. e4 c5 2. Nf3 d6 3. d4 cxd4 4. Nxd4 Nf6 5. Nc3 e5 6. Bb5+ Nbd7 7. Nf5 a6 8.
Bxd7+ Qxd7 9. Bg5 Nxe4 10. Nxg7+ Bxg7 11. Nxe4 O-O 12. Qxd6 f6 13. Qxd7 Bxd7 14.
Be3 Bc6 15. Nd6 Rfd8 16. O-O-O Bf8 17. Nc4 b5 18. Nd2 Kf7 19. Rhg1 f5 20. Nf3
Re8 21. Ng5+ Kg6 22. f4 Rac8 23. Rd2 Bb4 24. c3 Bf8 25. Nf3 exf4 26. Bxf4 Be4
27. Kd1 Bc5 28. Rf1 Rcd8 29. Ne5+ Kg7 30. Nd7 Be7 31. Rff2 Bc6 32. Ne5 Bd5 33.
a3 Bb3+ 34. Kc1 Bf6 35. Nf3 a5 36. Rxd8 Rxd8 37. Rd2 Re8 38. Rd7+ Kg8 39. Rb7
Bc4 40. Rb8 Rxb8 41. Bxb8 Bf1 42. g3 Be2 43. Ne1 Kf7 44. Kd2 Bc4 45. Ke3 Ke6 46.
Kf4 b4 47. axb4 axb4 48. cxb4 Bxb2 49. Kg5 Bc3 50. Ng2 Bxb4 51. Kh6 Kf6 52. Kxh7
Bf7 53. Nh4 Bf8 54. Bf4 Bh5 55. Be3 Bd6 56. Kh6 Bf7 57. Bg5+ Ke6 58. Ng2 Bf8+
59. Kh7 Bd6 60. Bf4 Bc5 61. h4 Bh5 62. Bc7 Kf7 63. Nf4 Bd1 64. Ng6 Bd4 65. Be5
Bf2 66. Nh8+ Ke6 67. Bf4 Bd4 68. Ng6 Kf7 69. Be5 Bf2 70. Kh6 Be3+ 71. Bf4 Bd4
72. Be5 Be3+ 73. Kh7 1/2-1/2

[Event "Baku Open 2023"]
[Site "Baku AZE"]
[Date "2023.05.09"]
[Round "6.7"]
[White "Raja, Rithvik R"]
[Black "Predke, Alexandr"]
[Result "1/2-1/2"]
[WhiteTitle "GM"]
[BlackTitle "GM"]
[WhiteElo "2472"]
[BlackElo "2685"]
[WhiteFideId "35007394"]
[BlackFideId "24107581"]
[EventDate "2023.05.04"]

1. d4 g6 2. e4 Bg7 3. Nf3 d6 4. Be2 Bg4 5. O-O Nc6 6. d5 Nb8 7. c4 Bxf3 8. Bxf3
Nd7 9. Nc3 Ngf6 10. Be3 O-O 11. Be2 Re8 12. Qc2 e6 13. Rad1 b6 14. dxe6 Rxe6 15.
f3 a5 16. b3 c6 17. Rd2 h5 18. Rfd1 Qf8 19. Bf1 Rc8 20. Bf2 Bh6 21. Re2 Qd8 22.
Ree1 Qc7 23. Ne2 Ne5 24. Nd4 Ree8 25. Kh1 Qd7 26. Qb1 Nh7 27. a3 Qe7 28. Nc2 Rb8
29. b4 axb4 30. axb4 h4 31. Qb3 Qf6 32. h3 Bf4 33. Nd4 Bg3 34. Bxg3 hxg3 35. Ne2
Qh4 36. Rxd6 Ng5 37. f4 Nxe4 38. fxe5 Rxe5 39. Rd4 Rbe8 40. Ra1 Qf6 41. Nxg3
Nf2+ 42. Kh2 Re3 43. Qb2 Nd3 44. Qc3 Rxg3 45. Ra3 Qxf1 46. Kxg3 Qf2+ 47. Kh2 Nf4
48. Rd2 Ne2 49. Rxe2 Qxe2 50. Qd4 Qe4 51. Qxe4 Rxe4 52. Ra8+ Kg7 53. Rb8 b5 54.
cxb5 Rxb4 55. b6 f5 56. b7 f4 57. Rc8 Rxb7 58. Rxc6 Rb2 59. Kg1 Kh6 60. Rf6 Kg5
61. Rf8 Ra2 62. Kf1 Ra4 63. Kf2 Ra2+ 64. Kf3 Ra3+ 1/2-1/2

[Event "Baku Open 2023"]
[Site "Baku AZE"]
[Date "2023.05.09"]
[Round "6.8"]
[White "Petrov, Nikita"]
[Black "Sethuraman, S.P."]
[Result "1/2-1/2"]
[WhiteTitle "GM"]
[BlackTitle "GM"]
[WhiteElo "2547"]
[BlackElo "2639"]
[WhiteFideId "4101286"]
[BlackFideId "5021596"]
[EventDate "2023.05.04"]

1. e4 e5 2. Nf3 Nc6 3. Nc3 Nf6 4. Bb5 Bd6 5. d3 a6 6. Bc4 Bc5 7. O-O d6 8. Nd5
h6 9. Be3 Be6 10. d4 exd4 11. Nxd4 Bxd5 12. Bxd5 Nxd5 13. exd5 Nxd4 14. Bxd4 O-O
15. Qg4 1/2-1/2

[Event "Baku Open 2023"]
[Site "Baku AZE"]
[Date "2023.05.09"]
[Round "6.9"]
[White "Indjic, Aleksandar"]
[Black "Nogerbek, Kazybek"]
[Result "1/2-1/2"]
[WhiteTitle "GM"]
[BlackTitle "IM"]
[WhiteElo "2618"]
[BlackElo "2474"]
[WhiteFideId "911925"]
[BlackFideId "13710427"]
[EventDate "2023.05.04"]

1. d4 Nf6 2. c4 e6 3. Nc3 d5 4. cxd5 exd5 5. Bg5 c6 6. e3 Bf5 7. Qf3 Bg6 8. Bxf6
Qxf6 9. Qxf6 gxf6 10. Nf3 Nd7 11. Nh4 Be7 12. Ne2 f5 13. g3 Bxh4 14. gxh4 Nf6
15. Nf4 Nh5 16. Be2 Nxf4 17. exf4 f6 18. Kd2 Ke7 19. Rhg1 Rhg8 20. Rg3 Bf7 21.
h5 Rxg3 22. hxg3 h6 23. a4 a5 24. Bd3 1/2-1/2

[Event "Baku Open 2023"]
[Site "Baku AZE"]
[Date "2023.05.09"]
[Round "6.10"]
[White "Kovalev, Vladislav"]
[Black "Ahmadzada, Ahmad"]
[Result "1/2-1/2"]
[WhiteTitle "GM"]
[BlackTitle "IM"]
[WhiteElo "2612"]
[BlackElo "2488"]
[WhiteFideId "13504398"]
[BlackFideId "13413007"]
[EventDate "2023.05.04"]

1. e4 e5 2. Nf3 Nc6 3. Bb5 a6 4. Ba4 Nf6 5. O-O Be7 6. Bxc6 dxc6 7. d3 Nd7 8.
Nc3 O-O 9. Be3 Bd6 10. a4 a5 11. Nd2 Nc5 12. Nc4 Ne6 13. Qd2 b6 14. Nxd6 cxd6
15. f4 exf4 16. Bxf4 d5 17. exd5 cxd5 18. Rae1 d4 19. Nb5 Ba6 20. Nd6 Ra7 21.
Be5 Rd7 22. Nf5 f6 23. Bg3 Re8 24. Qe2 Bb7 25. Qg4 Bd5 26. h4 Nc5 27. Rxe8+ Qxe8
28. h5 Be6 29. Re1 Qa8 30. Rxe6 Nxe6 31. Nh6+ Kf8 32. Qxe6 Qd5 33. Qxb6 Qxh5 34.
Bd6+ Ke8 35. Qb8+ Rd8 36. Qc7 Rxd6 37. Qxd6 Qxh6 38. Qxd4 Qc1+ 39. Kh2 Qxc2 40.
Qe4+ Kf7 41. Qd5+ Ke7 42. Qb7+ Ke6 43. Qb6+ Ke7 44. Qxa5 Qxd3 45. b4 Qd6+ 46. g3
Qd2+ 47. Kh3 Qd7+ 48. Kh2 Qd2+ 1/2-1/2

[Event "Baku Open 2023"]
[Site "Baku AZE"]
[Date "2023.05.09"]
[Round "6.11"]
[White "Erdogmus, Yagiz Kaan"]
[Black "Bernadskiy, Vitaliy"]
[Result "0-1"]
[WhiteTitle "IM"]
[BlackTitle "GM"]
[WhiteElo "2454"]
[BlackElo "2619"]
[WhiteFideId "44599790"]
[BlackFideId "14100371"]
[EventDate "2023.05.04"]

1. e4 g6 2. d4 Bg7 3. Nc3 a6 4. Be3 b5 5. Qd2 d6 6. f3 Nd7 7. h4 h6 8. O-O-O Nb6
9. Qe1 Nf6 10. g4 h5 11. gxh5 Nxh5 12. Kb1 Rb8 13. Nce2 Nc4 14. Bc1 b4 15. Nf4
Na3+ 16. bxa3 bxa3+ 17. Ka1 c5 18. Nxh5 Rxh5 19. Bc4 Qb6 20. Bxa3 cxd4 21. Bd5
d3+ 22. c3 Qa5 23. Rxd3 Rxd5 24. exd5 Bf5 0-1